LEADER 00644nab a2200193 i 4500 001 000000314444 003 CaOOAMICUS 005 20180831173131.0 008 180831n xx uu u0 0und r 013 $a23532 040 $aSeMil$bita 100 0 $aPius XII,$c.$0(OLS)http://semarc/name/6093 245 10$aEnciclica «Humani Generis» (testo latino) 773 0 $t[Gennaio-Dicembre].$g385-396$w()274259 900 1 $aPacelli, Eugenio,$d<1876-1958>. 900 0 $aPio XII$c. 996 $6245$aEnciclica «Humani Generis» (testo latino)$9(OLS)http://semarc/title/388617 LEADER 01098nam a2200253 i 4500 001 000000224460 003 CaOOAMICUS 005 20260417121302.0 008 131031s1961 it u000 u mul u 013 $a203358 040 $aSeMil$bita 100 1 $aBaumgärtel, Friedrich.$0(OLS)http://semarc/name/13247 245 10$aHebräisches Wörterbuch zur Genesis /$cvon D. Friedrich Baumgärtel. 250 $aDritte, ergänzte auflage. 260 $aBerlin :$bTöpelmann,$c1961. 300 $aVIII, 44 p. ;$c25 cm. 490 0 $aEinzelwörterbücher zum Alten Testament ;$v1. Heft 650 4$aBibbia. Antico Testamento. Genesi - Testo ebraico - Dizionari.$0(OLS)http://semarc/subject/60000 830 0$aEinzelwörterbücher zum Alten Testament ;$v1.$0(OLS)http://semarc/title/39397 850 $aSeMil 852 $aSeMil$W1$xVenegono$y1$m2VV VII 66$j270400$B174806$CSeMilBibl$Z2$F184818 $81 996 $6245$aHebräisches Wörterbuch zur Genesis$9(OLS)http://semarc/title/321691 996 $6260$aBerlin :$bTöpelmann$9(OLS)http://semarc/publisher/30771